| 000 | 00000nam##2200000za#4500 |
| 001 | 9.643985 |
| 003 | CaOODSP |
| 005 | 20210624224430 |
| 007 | cr ||||||||||| |
| 008 | 150407|2014||||xxc|||||o f|0| 0 fre|d |
| 020 | |a978-0-660-22945-4 |
| 040 | |aCaOODSP|bfre |
| 043 | |an-cn--- |
| 086 | 1 |aEn14-204/2014F-PDF |
| 110 | 1 |aCanada. |bEnvironnement Canada. |
| 245 | 10|aÉvaluation préalable - groupe de substances azoïques aromatiques et à base de benzidine : |h[ressource électronique]|bcertains colorants et dérivés à base de benzidine / |c[publié conjointement avec] Santé Canada. |
| 260 | |aOttawa - Ontario : |bEnvironnement Canada |cNovembre 2014. |
| 300 | |a182p.|bréférences, tableaux |
| 590 | |a15-12|b2015-03-20 |
| 775 | 08|tScreening assessment - aromatic azo and benzidine-based substance grouping : |w(CaOODSP)9.700076 |
| 856 | 40|ahttp://publications.gc.ca|qPDF|s1683 Ko|uhttps://publications.gc.ca/collections/collection_2015/ec/En14-204-2014-fra.pdf |